| 000 | 00527nam a2200181 a 4500 | ||
|---|---|---|---|
| 003 | OSt | ||
| 005 | 20151116163604.0 | ||
| 008 | 021004s1944 esp 000 1 spa d | ||
| 040 | _cBMC | ||
| 082 | _a891.7 | ||
| 100 | 1 |
_9133 _aDostoevskiï, Fiodor Mijaïlovich _d1821-1881 |
|
| 245 | 1 | 4 |
_aLos hermanos Karamazov _cFedor Mijaïlovich Dostoievski |
| 260 |
_aMéxico D.F. _bNueva España _c1944 |
||
| 300 |
_a1197 p. _c17 cm |
||
| 490 | 0 | _aClásicos de la literatura universal | |
| 650 | 2 | 4 |
_929314 _aNovela rusa |
| 942 |
_2ddc _cBK |
||
| 999 |
_c18881 _d18881 |
||